| 000 | 00489nam a22001457a 4500 | ||
|---|---|---|---|
| 008 | 230525b |||||||| |||| 00| 0 eng d | ||
| 040 |
_aNational Science Library _cNational Science Library |
||
| 080 |
_a57 _bP0 |
||
| 245 |
_aPublic domain resources in biology: _bBioinformatics centre _c/ Institute of Microbial Technology |
||
| 260 |
_aChandigarh: _bInstitute of Microbial Technology, _c2000 |
||
| 300 | _a80p. | ||
| 650 | _aBiology | ||
| 653 | _aBioinformatics | ||
| 942 |
_2udc _cBK |
||
| 999 |
_c34741 _d34741 |
||